000 nam a22 a 4500
999 _c367476
_d367476
003 BLK
005 20220304130759.0
008 200610b bu |||||||||| 00| | bu d
040 _aBLK
041 _aBUL
_cBUL
080 _aПолитически партии и движения
_b329
_z329СДС(497.2)(062)
_xСДС(497.2)(062)
139 _aПрограма на Съюза на демократичните сили
_bП 90
245 _aПрограма на Съюза на демократичните сили
_b1994 - 1998 : Ние познаваме вашите проблеми : Ние споделяме вашите опасения и тревоги : Ние можем да направим живота ви по-добър и по-сигурен : СДС се нуждае от вашата подкрепа за изграждането на нова България
_h[Малотир. изд.]
260 _9441842
_aб. м.
_bб. и.
_c[1994]
300 _a24 с.
_c22 см
380 _a3
500 _aС автогр. от Стефан Софиянски.
650 7 _9170459
_aСДС
653 7 _9196317
_aСДС
653 7 _9193394
_aпартии
653 0 _9471146
_aпрограма
852 _bК
_cК 329/П 90
942 _cKNG
_n0
_s1
944 _aCR
_c2022-03-04
_kВП
999 _d367476